| 000 | 01341nam a2200241 a 4500 | ||
|---|---|---|---|
| 008 | 120210c20009999xx |||||||||||||| || u | ||
| 050 | _aCD/TP 155.7 Fel | ||
| 100 | _aFelder, Richard M | ||
| 245 | 1 | 0 |
_aInteractive chemical process principles (3rd edition) _h[cd-rom] |
| 250 | _a3rd edition | ||
| 260 |
_a _bJohn Wiley and Sons _c2000 |
||
| 300 | _a4 3/4 in | ||
| 350 | _a0.00 | ||
| 500 | _aThe CD-ROM is accompanied by a textbook available in main collection. | ||
| 650 | _aCHEMICAL PROCESS PRINCIPLES | ||
| 650 | 0 | _aCHEMISTRY--HANDBOOKS, MANUALS, ETC | |
| 700 | _aRousseau, Ronald W | ||
| 995 |
_ae-RESOURCES _e20162602 _FCBU-MAIN LIBRARY (Kitwe) _I0.00 _jCD/TP 155.7 Fel _M5 _UAVAILABLE _WMay 9, 2016 _y20162602 _Ze-Media Collection |
||
| 995 |
_ae-RESOURCES _e20140776 _FCBU-MAIN LIBRARY (Kitwe) _I0.00 _jCD/TP 155.7 Fel _M4 _UAVAILABLE _WMay 12, 2016 _y20140776 _Ze-Media Collection |
||
| 995 |
_ae-RESOURCES _D0.00 _e20141089 _FCBU-MAIN LIBRARY (Kitwe) _H1 _I0.00 _jCD/TP 155.7 Fel _M1 _UAVAILABLE _WFeb 10, 2012 _y20141089 _Ze-Media Collection |
||
| 995 |
_ae-RESOURCES _D0.00 _e20142538 _FCBU-MAIN LIBRARY (Kitwe) _H1 _I0.00 _jCD/TP 155.7 Fel _M3 _UAVAILABLE _WFeb 10, 2012 _y20142538 _Ze-Media Collection |
||
| 995 |
_ae-RESOURCES _D0.00 _e20162587 _FCBU-MAIN LIBRARY (Kitwe) _H1 _I0.00 _jCD/TP 155.7 Fel _M2 _UAVAILABLE _WFeb 10, 2012 _y20162587 _Ze-Media Collection |
||
| 999 |
_c77480 _d77480 |
||